Swami Vivekananda : (Record no. 156004)

MARC details
000 -LEADER
fixed length control field 00509nam a22001697a 4500
005 - DATE AND TIME OF LATEST TRANSACTION
control field 20180818115234.0
010 ## - LCCN (DPL NO)
LC control number A-715112
035 ## - SYSTEM CONTROL NUMBER
System control number A-715112
037 ## - SOURCE OF ACQUISITION
Source of stock number/acquisition BPPD/PUB
082 ## - DEWEY DECIMAL CLASSIFICATION NUMBER
Classification number 181.46
100 ## - MAIN ENTRY--PERSONAL NAME
Personal name Gupta, Harish C.
245 ## - TITLE STATEMENT
Title Swami Vivekananda :
Statement of responsibility, etc Harish C. Gupta
Remainder of title Studies in soviet union /
260 ## - PUBLICATION, DISTRIBUTION, ETC. (IMPRINT)
Place of publication, distribution, etc Calcutta
Name of publisher, distributor, etc The Ramakirishna Mission Institute Of Culture
270 ## - ADDRESS
Address Gol Park
City Calcutta
Postal code 700029
300 ## - PHYSICAL DESCRIPTION
Extent xv, 450p.
Dimensions 24cm. (Hb)
942 ## - ADDED ENTRY ELEMENTS (KOHA)
Source of classification or shelving scheme Dewey Decimal Classification
Item type English Books
Classification part 181.46
Call number suffix GUP
Holdings
Withdrawn status Lost status Not for loan Collection code Home library Current library Date acquired Source of acquisition Cost, normal purchase price Full call number Barcode Cost, replacement price Koha item type
      Non-fiction Shahdara Branch Shahdara Branch 18/08/2018 BPPD/PUB 0.00 181.46 GUP A-715112 0.00 English Books

© Delhi Public Library
Hit Counter
free hit counter